| 000 | 01323cam a2200325 i 4500 | ||
|---|---|---|---|
| 999 |
_c2453 _d2453 |
||
| 001 | (Sirsi) a1087485 | ||
| 003 | OSt | ||
| 005 | 20230602093322.0 | ||
| 008 | 190412t20182007enka b 000 1 eng d | ||
| 020 |
_a9780007236336 _q(paperback) : |
||
| 040 |
_aCHA _beng _cTAE _erda _dKH8 |
||
| 042 | _anbic | ||
| 082 | 0 | _a823.914 BON | |
| 100 | 1 |
_aBond, Michael, _eauthor. |
|
| 245 | 1 | 0 |
_aPaddington : _bthe original story of the bear from darkest Peru / _cMichael Bond ; illustrated by R.W. Alley. |
| 246 | 3 | 0 | _aThe original story of the bear from darkest Peru. |
| 264 | 1 |
_aLondon : _bHarperCollins Children's Books, _c2018. |
|
| 264 | 4 | _c©2007. | |
| 300 |
_a29 unnumbered pages : _bcolor illustrations ; _c27 cm. |
||
| 336 |
_atext _btxt _2rdacontent. |
||
| 336 |
_astill image _bsti _2rdacontent. |
||
| 337 |
_aunmediated _bn _2rdamedia. |
||
| 338 |
_avolume _bnc _2rdacarrier. |
||
| 520 | _aThe classic story of everyone's favourite bear - Paddington! Join Paddington and the Browns as they start their adventures at Paddington Station and relive the much-loved story of this adorable bear! | ||
| 521 | 1 | _aAges 4-8. | |
| 600 | 0 |
_aPaddington Bear _c(Fictitious character) _vPictorial works _vJuvenile fiction. |
|
| 650 | 0 |
_aTravelers _vJuvenile fiction. |
|
| 700 | 1 |
_aAlley, R. W., _d1955- _eillustrator. |
|
| 942 |
_2ddc _cFIC |
||